Visualizzazione normale
Vista MARC
- Belviso C.
di Personal Name
Records bibliografici associati: 1
001 - CONTROL NUMBER
- control field: 58105
003 - CONTROL NUMBER IDENTIFIER
- control field:
005 - DATE AND TIME OF LATEST TRANSACTION
- control field: 20200203170726.0
008 - FIXED-LENGTH DATA ELEMENTS
- fixed length control field: 200203|| aca||aabn | a|a d
040 ## - CATALOGING SOURCE
- Original cataloging agency:
- Transcribing agency:
100 ## - HEADING--PERSONAL NAME
- Personal name: Belviso C.
670 ## - SOURCE DATA FOUND
- Source citation: Work cat.: (): Tramonti Francesco (et al.) 58104, Stili di funzionamento familiare e carico assistenziale in un campione di famiglie di persone con handicap, 2017